000 00467nam a2200157 i 4500
001 108304
003 ES-MaACL
005 20230906184623.0
007 t|
008 061121s1927 mx r ||||1| spa d
100 1 _aMonterde, Francisco.
_982467
245 1 0 _aOro negro
_b: pieza en tres actos /
_cFrancisco Monterde G. I.
260 _aMéxico :
_b[s.n.],
_c1927 (
_fTalleres gráficos de La Nación)
300 _a105 p. ;
_c22 cm.
852 _aES-MaACL
_j1803-F-5
999 _c108304
_d108304